[Event "IND-ch 53rd"]
[Site "Thiruvarur"]
[Date "2015.11.19"]
[Round "5"]
[White "Vidit, Santosh Gujrathi"]
[Black "Kunte, Abhijit"]
[Result "1-0"]
[WhiteElo "2651"]
[BlackElo "2515"]
[Annotator "Vidit,S"]
[PlyCount "69"]
[EventDate "2015.11.15"]
[EventType "tourn"]
[EventRounds "11"]
[EventCountry "IND"]
[EventCategory "13"]
[SourceTitle "CBM 170"]
[Source "ChessBase"]
[SourceDate "2016.01.15"]
[SourceVersion "1"]
[SourceVersionDate "2016.01.15"]
[SourceQuality "1"]

1. d4 Nf6 2. c4 e6 3. Nc3 Bb4 4. Qc2 d6 5. Bg5 {I was quite inspired to take
this line after watching the Kramnik-Yermolinsky game.} O-O (5... Nbd7 6. e3 b6
7. Nge2 Bb7 8. a3 Bxc3+ 9. Nxc3 h6 10. Bh4 O-O 11. f3 c5 12. dxc5 dxc5 13.
O-O-O Qe7 14. Be2 Rfd8 15. g4 $36 {1-0 (40) Kramnik,V (2751)-Yermolinsky,A 
(2597) Wijk aan Zee 1999}) 6. e3 b6 7. Nge2 c5 8. a3 (8. O-O-O {I was
considering this move for a while but I wanted to get a better version by
pushing the bishop to a5.} Bb7 ({I was mainly considering} 8... cxd4 {but I
simply underestimated how strong Ne4 is. Black's pieces aren't co-ordinated at
all} 9. Ne4 $1 Bb7 10. Nxf6+ gxf6 11. Bh6 dxe3 12. fxe3 $44 {White's position
looks quite pleasant.}) 9. d5 Bxc3 10. Nxc3 $14) 8... Bxc3+ (8... Ba5 9. O-O-O
$36 {and a free initiative for White.}) 9. Nxc3 cxd4 10. exd4 Bb7 11. Be2 $1 {
Ideally I would like to have the bishop on d3, but in lot of cases White needs
to support the d4-pawn with Rd1.} (11. Bd3 h6 12. Bh4 Nc6 $132) (11. O-O-O Nbd7
) 11... h6 (11... Bxg2 $6 {Taking this pawn is more dangerous than the b2-pawn
in Najdorf :))} 12. Rg1 Bb7 13. O-O-O {with a big attack on the kingside.}) 12.
Bh4 Nbd7 13. O-O Qe7 14. b4 $14 {The opening is over and White has a dream
position without Black committing any mistakes. Apparently all natural looking
moves aren't nice :)} Rfc8 15. Qb3 a6 (15... Ba6 16. Rfe1 {The bishop isn't
doing much on a6.}) 16. Rfe1 {I love the luxury of making such small moves :)}
Qf8 (16... Rc7 17. Bg3) 17. Rac1 {I was basically waiting for my opponent to
go ...Rc7 so that I get Bg3 with a tempo. Although all alternatives are good.}
(17. a4 $14) (17. Bg3 {Here I didn't like} Ne4 $1) 17... a5 {I was a bit
surprised by this, but actually I don't see any good alternatives.} (17... Rc7
18. Bg3 $1 Rac8 19. c5 {and now White is creating some concrete problems for
Black.}) 18. Bg3 (18. Bxf6 axb4 $1) (18. bxa5 {was also possible} Rxa5 19. Bxf6
gxf6 20. Nb5 $16) 18... Ne4 19. Nxe4 Bxe4 20. Qb2 {Maybe a bit slow, but still
the position remains quite unpleasant.} (20. d5 $6 {looks too hasty} exd5 21.
cxd5 Rxc1 22. Rxc1 Nf6 {and the black pieces were getting some targets.}) (20.
Bf1 $1 Bb7 21. c5 $1 $36) (20. Bf4 $14 {with the idea of Qg3 is also possible.}
) 20... Bc6 $2 (20... Nf6 {was better although White still keeps a huge edge
after} 21. f3 $16) 21. d5 $1 exd5 22. cxd5 Ba4 (22... Bxd5 $142 23. Rcd1 (23.
Qd4 Be6 24. Bxd6 Qd8 25. Rcd1 $16 {I love how centralised the white pieces are
:)}) 23... Nf6 (23... Be6 24. Bxd6) 24. Bh4 Be6 25. Bxf6 gxf6 26. Rd3 $40 {
was my intention} (26. Qxf6 $16)) 23. h3 $1 $16 {I quite like this move.
Although the engine doesn't agree. In lot of lines the back rank was a problem
and now Black lacks good counterplay and slowly his position falls apart.} (23.
b5 Nc5) 23... axb4 24. axb4 (24. Rxc8 $1 {is more accurate maybe, but I wanted
to box Black's pieces in with axb4} Qxc8 (24... Rxc8 25. Qxb4) 25. Qxb4 $16)
24... Ne5 $6 (24... Nf6 $142 25. Qd4 $16) 25. b5 $1 Ra5 26. Bxe5 dxe5 27. Rc6
$18 {And now the rest, just for the sake of completeness.} Rd8 28. Bc4 Qe7 29.
Rxe5 Qh4 30. d6 Ra7 31. Qe2 Kf8 32. Rc7 Rxc7 33. dxc7 Rc8 34. Qd3 Bc2 35. Qd7
1-0

[Event "EU-ch 20th"]
[Site "Skopje"]
[Date "2019.03.18"]
[Round "1"]
[White "Drnovsek, Gal"]
[Black "Volokitin, Andrei"]
[Result "0-1"]
[WhiteElo "2402"]
[BlackElo "2635"]
[Annotator "Volokitin,A"]
[PlyCount "68"]
[EventDate "2019.03.18"]
[EventType "swiss"]
[EventRounds "11"]
[EventCountry "MKD"]
[Tiebreak "Sum of Buchholz"]
[SourceTitle "CBM 189"]
[Source "ChessBase"]
[SourceDate "2019.04.29"]
[SourceVersion "1"]
[SourceVersionDate "2019.04.29"]
[SourceQuality "1"]

1. d4 Nf6 2. c4 e6 3. Nc3 Bb4 4. Qc2 b6 {Ein schlauer Zug. Schwarz vermeidet
einigen Varianten.} ({Zum Beispiel nach} 4... O-O 5. e4 {oder} (5. Nf3)) 5. e4
{Nur dieser Zug kann Probleme stellen.} c5 6. d5 {Prinzipiell.} ({Der Zug} 6.
e5 {ist nicht gefährlich für Schwarz:} cxd4 7. a3 Bxc3+ 8. bxc3 Ng8 9. cxd4
Bb7 {mit Gegenspiel für Schwarz, dies war meine Partie- Arnaudov-Volokitin,
2014.}) 6... Qe7 7. Be2 ({Dieser Zug stellt weniger Probleme als der Zug} 7.
Nge2 $1) 7... d6 ({Schwach ist} 7... O-O $4 8. e5 $18) 8. Be3 {Dieser Zug
sieht etwas seltsam aus.} ({Nach dem natürlichen Zug} 8. Nf3 O-O {ist die
Hauptvariante} 9. O-O Bxc3 $1 10. bxc3 exd5 11. exd5 Bf5 $1 {mit gutem Spiel
für Schwarz.}) 8... O-O 9. h3 $6 {Zu langsam.} ({Zuerst hätte Weiß die
Entwicklung beenden müssen:} 9. Nf3 {und jetzt wäre nach} Bxc3+ 10. bxc3 exd5
11. exd5 Bg4 12. O-O Nbd7 13. h3 Bh5 {die Stellung ungefähr ausgeglichen.
Weiß hat das Läuferpaar, Schwarz die bessere Struktur.}) 9... exd5 10. exd5
b5 $1 {Die typische Reaktion auf den Entwicklungsrückstand des Weißen.
Schwarz attackiert sofort das Zentrum.} 11. Nf3 bxc4 12. Bxc4 Ba6 $1 {Ein
kritischer Moment. Ich schwankte hier zwischen den Zügen 12...La6 und 12...
Nbd7. 12... La6 schien mir letzlich logischer.} ({Nach} 12... Nbd7 13. O-O Nb6
14. Bd3 Bxc3 15. bxc3 c4 ({nach} 15... Nbxd5 16. Bg5 h6 17. Rfe1 Be6 18. Bh4 {
hat Weiß klare Kompensation.}) 16. Be2 Nfxd5 17. Bd4 {hat Weiß positionelle
Kompensation für den Bauern.}) 13. Bxa6 Nxa6 14. Qd3 $2 {Ein ernster Fehler.
Weiß verliert ein wichtiges Tempo. Er hätte rochieren müssen.} (14. O-O $1 {
und jetzt hätte Weiß nach} Bxc3 15. bxc3 Nxd5 16. Ng5 $1 Nf6 17. Bf4 {
Figurenaktivität und damit Kompensation.}) 14... Nc7 15. O-O Bxc3 16. bxc3
Ncxd5 $17 {Schwarz hat den Bauer gewonnen und steht besser. Alle seine Figuren
sind aktiv, Weiß hat keine Kompensation.} 17. c4 Nxe3 18. Rfe1 Rfe8 19. Rxe3
Qd7 20. Rxe8+ Rxe8 21. Rd1 Rd8 {Also, Schwarz hat einen Mehrbauern. Der
Gewinnplan besteht darin, die Schwerfiguren abzutauschen oder den Vorstoß d5
durchzudrücken. Weiß muss umgekehrt versuchen, Leichtfiguren (die Springer)
abzutauschen.} 22. Qa3 {Der Zug ist gegen d5 gerichtet.} Rb8 $6 {Dieser Zug
gefällt mir nicht.} ({Es wäre besser, einfach} 22... h6 $1 {zu spielen und
dann nach} 23. Ne5 (23. Qa6 {ist unggefährlich wegen} Qc7 {und d5}) 23... Qe6
$1 $17) 23. Qc1 $6 {Ohne Idee.} ({Viel stärker war} 23. Ne5 $1 Qc7 {und jetzt
kann Weiß die Springer tauschen:} 24. Ng4 $1 Nxg4 25. hxg4 {Ohne Springer ist
die Verteidigung für Weiß viel leichter.}) 23... h6 $1 {Ein nützlicher Zug.}
24. Qf4 Rb6 25. Kh2 Qc6 {Mit der Idee Qe4.} 26. Qe3 $6 {Dieser Zug lässt
Schwarz seinen Plan verwirklichen.} ({Der einzige Zug war-} 26. Re1 {und jetzt
hätte Schwarz nach} d5 27. cxd5 Qxd5 $17 {sehr gute Gewinnchancen, aber Weiß
kann sich noch wehren.}) 26... Qe4 $1 27. Qa3 $2 {Dieser Zug verliert sofort.}
({Hartnäckiger war} 27. Qc3 Qe2 $1 28. Rd2 Qe6 {und Schwarz muss allmählich
gewinnen.}) 27... Qxc4 $1 28. Qxa7 Rb2 $1 $19 {Gewinnt noch mehr Material.} 29.
Qe7 Rxf2 ({Noch stärker wäre} 29... Qf4+ $1 30. Kg1 Ne4 $19) 30. Qxd6 Qxa2 {
Schwarz hat zwei Mehrbauern . Die Stellung des Weißen ist hoffnungslos.} 31.
Qd8+ Kh7 32. Qd3+ g6 33. Rd2 Rxd2 34. Nxd2 Qd5 {Weiß gab auf.} 0-1

[Event "Dortmund SuperGM 23rd"]
[Site "Dortmund"]
[Date "1995.07.21"]
[Round "7"]
[White "Beliavsky, Alexander G"]
[Black "Lobron, Eric"]
[Result "1-0"]
[WhiteElo "2650"]
[BlackElo "2595"]
[Annotator "Von Gleich,A"]
[PlyCount "101"]
[EventDate "1995.07.14"]
[EventType "tourn"]
[EventRounds "9"]
[EventCountry "GER"]
[EventCategory "17"]
[SourceTitle "CBM 048"]
[Source "ChessBase"]
[SourceDate "1995.10.01"]
[SourceVersion "1"]
[SourceVersionDate "1995.10.01"]
[SourceQuality "1"]

1. d4 {King Hecht} Nf6 2. c4 e6 3. Nc3 Bb4 4. Qc2 O-O 5. a3 Bxc3+ 6. Qxc3 Ne4
7. Qc2 f5 8. e3 b6 9. Ne2 Bb7 10. f3 Nd6 (10... Qh4+ 11. g3 Qh5 12. Bg2 Ng5 13.
Nf4 Nxf3+ 14. Kf2 $16) 11. Bd2 $2 (11. Nc3 c5 {Schwarz hat vollen Ausgleich.})
11... c5 (11... Qh4+ 12. g3 (12. Ng3 $2 f4 $1 13. exf4 Nf5 $19 14. O-O-O Nxg3
15. Be1 (15. hxg3 Qxh1 16. Bd3 Qh2) 15... Qxf4+ 16. Bd2 Qh4 17. Be1 Qh6+ 18.
Bd2 Qh5) (12. Kd1 $8 {verliert nicht sofort. Über die weißen
Mittelspielchancen mit einem Kd1 muß jedoch kein Wort verloren werden.} c5 13.
dxc5 bxc5 $17) 12... Qh5 13. Nf4 Qxf3 14. Bg2 Qg4 {merke: Der Bb7 ist durch
Nd6 gedeckt.}) 12. dxc5 bxc5 {Auch hier steht Schwarz gut.} 13. O-O-O Nc6 14.
Nf4 Qe7 15. Bc3 Rf7 16. Be2 a5 17. Qd2 Nc8 18. Rhg1 Nb4 {King By now a
familiar motif (compare with the couple of games where Black scarificed with ..
.Ng4 in order to open the h-file). The problem here is that White is in no way
obliged to capture the knight, but may continue with his own plans.} 19. Kb1 e5
20. Nd5 Bxd5 21. cxd5 Nb6 22. e4 d6 23. Rgf1 Qe8 24. f4 exf4 25. Rxf4 Qa4 $4 (
25... fxe4 26. Bh5 g6 27. Bxg6 hxg6 28. Rh4 Rh7 29. Rxh7 Kxh7 30. Qf4 N4xd5 {
Der weiße Angriff schlägt nicht durch.}) 26. Rf3 Re8 27. Rdf1 Rxe4 28. Rxf5
Rxf5 29. Rxf5 Qe8 {In beiderseits rasender Zeitnot überschlagen sich nun die
Ereignisse.} 30. Qg5 Re7 (30... g6 {Selbstmord auf Raten.} 31. Qf6 Rd4 32. Bxd4
cxd4 33. Rf1 $16) 31. axb4 axb4 32. Bb5 Re1+ 33. Bxe1 Qxe1+ 34. Ka2 b3+ 35.
Kxb3 c4+ 36. Ka2 (36. Bxc4 $18 Qd1+ 37. Kc3 Qe1+ 38. Kc2 Qe4+ 39. Bd3 $18)
36... Qa5+ 37. Kb1 Qe1+ 38. Ka2 (38. Kc2 Qe4+ 39. Kc3 $18) 38... Qa5+ 39. Kb1
Qe1+ 40. Qc1 Qe4+ 41. Ka2 Qxf5 42. Qe3 Nxd5 43. Qe8+ Qf8 44. Qe6+ Qf7 45. Qxf7+
Kxf7 46. Bxc4 Ke6 47. b4 Ke5 48. Bxd5 Kxd5 {Hecht 3-3 P, entfernter Freibauer}
49. Kb3 {der entfernte Freibauer (Pb4 ) macht das Rennen.} Kd4 (49... Kc6 {
Hecht} 50. Kc4 Kc7 51. Kd5 Kd7 52. b5 Kc7 53. b6+ Kxb6 54. Kxd6 $18) 50. Ka4 d5
51. b5 (51. b5 {Hecht} Kc5 52. Ka5 d4 53. b6 d3 54. b7 d2 55. b8=Q d1=Q 56.
Qc7+ Kd4 57. Qd8+ $18) 1-0

[Event "Politiken zt"]
[Site "Munkebo"]
[Date "1998.09.12"]
[Round "1.5"]
[White "Schandorff, Lars"]
[Black "Wedberg, Tom Birger"]
[Result "1/2-1/2"]
[WhiteElo "2535"]
[BlackElo "2475"]
[Annotator "Wedberg,T"]
[PlyCount "78"]
[EventDate "1998.09.10"]
[EventType "k.o."]
[EventRounds "5"]
[EventCountry "DEN"]
[SourceTitle "CBM 067"]
[Source "ChessBase"]
[SourceDate "1998.11.30"]
[SourceVersion "2"]
[SourceVersionDate "1998.11.01"]
[SourceQuality "1"]

{[%mdl 8248] This was a tiebreak game played with the time limit 15 minutes
per player and 10 seconds extra per move.} 1. d4 Nf6 2. c4 e6 3. Nc3 Bb4 4. Qc2
b6 5. a3 Bxc3+ 6. Qxc3 Bb7 7. Bg5 O-O 8. e3 d6 9. f3 Nbd7 10. Bd3 h6 11. Bh4 c5
12. Ne2 Rc8 13. b4 d5 14. dxc5 bxc5 15. b5 Ne4 16. Bxd8 Nxc3 17. Be7 Rfe8 18.
Bd6 Na4 19. O-O-O {Between the tiebrek games there was a ten minutes break.
Just enough to rush back to the room and quickly run through the previous game
on the computer. I immediately steered to this position to see what Fritz5 had
to say about the next move. It gave me clearance. On the way back I bumped
into Helgi Olafsson who suggested the same thing as an improvement. But none
of us really thought I would get a second chance.} Ndb6 $1 $146 20. Be5 {
My opponent was still blitzing out his homework.} a6 $5 {Helgi Olafsson had
suggested the plan Ra8 and then a6, but I think this is the right way to go.
Now my opponent started thinking for the first time in this game.} (20... Ra8
21. Nc3 $1 Nxc3 22. Bxc3 dxc4 (22... a6 23. Ba5 Nxc4 24. Bxc4 dxc4 25. b6 $14)
23. Bc2 Nd5 24. Kd2 Rad8 25. Ba5 Rd7 26. Ke2 {This is not so clear. Black is a
P up, but risks ending up in some ending like in my previous encounter with
the same opponent.}) 21. cxd5 {White gets greedy and tries to win a P, but
maybe he should stick to the idea of sacrificing instead. Now Black gets a
fantastic position.} (21. Nc3 Nxc3 22. Bxc3 dxc4 23. bxa6 Bxa6 24. Bc2 (24. Be4
$5) 24... Nd5 25. Kd2 Red8 26. Ba5 Rd6 27. Ke1 Ra8 $17) 21... exd5 22. bxa6 Bc6
{Played to create two connected passed P:s. Risky, but the time limit seemed
to call for drastic measures.} (22... Rxe5 $1 {the really serious move to play}
23. axb7 Rb8 $17) 23. Bf4 g5 24. Bg3 Rxe3 25. Bf2 Ree8 26. Ng3 d4 27. Nf5 Re6
28. Rhe1 Kf8 29. Bg3 (29. Rxe6 fxe6 30. Nxh6 c4 $13) 29... Rd8 30. a7 (30. Rxe6
$142 fxe6 31. Nxh6 c4 32. Bg6 Rd7 $13) 30... c4 31. Be4 d3 32. Bc7 Rd7 33. Bb8
Nc5 $19 (33... Nc3 $19) 34. Bxc6 Rxc6 (34... d2+ $1 $19) 35. Re5 {Now my
opponent was down to his last 10 seconds on every move. I had over 5 minutes
left. Rather than think for a couple of minutes and clinch the win, I tried to
win by blitzing. A serious mistake with the new time limits with increment.} c3
$4 (35... Nb3+ 36. Kb1 (36. Kb2 Na4+ 37. Kb1 Nc3+ 38. Kb2 Nxd1+ 39. Kb1 Nc3+
40. Kb2 Na4+ 41. Kb1 Nb6 $19) 36... c3 $19) 36. Rxc5 $1 Rxc5 37. Bd6+ Rxd6 38.
Nxd6 Rd5 39. Ne4 $1 {Unbelievable, but Black has nothing left of his advantage.
.and White had started getting more time on the clock.} Rd7 1/2-1/2

[Event "Politiken zt"]
[Site "Munkebo"]
[Date "1998.09.10"]
[Round "1.1"]
[White "Schandorff, Lars"]
[Black "Wedberg, Tom Birger"]
[Result "1/2-1/2"]
[WhiteElo "2535"]
[BlackElo "2475"]
[Annotator "Wedberg,T"]
[PlyCount "81"]
[EventDate "1998.09.10"]
[EventType "k.o."]
[EventRounds "5"]
[EventCountry "DEN"]
[SourceTitle "CBM 067"]
[Source "ChessBase"]
[SourceDate "1998.11.30"]
[SourceVersion "2"]
[SourceVersionDate "1998.11.01"]
[SourceQuality "1"]

{[%mdl 4144]} 1. d4 Nf6 2. c4 e6 3. Nc3 Bb4 4. Qc2 O-O 5. a3 Bxc3+ 6. Qxc3 b6
7. Nf3 Bb7 8. Bg5 d6 9. Nd2 c5 (9... Nbd7 10. f3 c5 11. e4 cxd4 12. Qxd4 Qc7
13. Be2 d5 14. exd5 exd5 15. O-O Rac8 16. Rfe1 Rfe8 {1/2-1/2 Hillarp Persson,
T-Stefansson,H/Reykjavic 1997/CBM 62 (16)}) 10. dxc5 (10. f3 h6 (10... Nbd7)
11. Bh4 cxd4 12. Qxd4 Nc6 13. Qc3 e5 14. e3 Rc8 15. Qd3 g5 16. Bg3 d5 17. h4 e4
$13 {1-0 Hillarp Persson,T-Nisipeanu,L/Berlin 1997/EXP 59 (53)}) 10... bxc5 11.
e3 Nbd7 12. Bd3 a5 (12... Bxg2 13. Rg1 $40) 13. O-O Qb6 14. Rad1 (14. Qc2 Rab8
15. Rfd1 Bc6 16. Rab1 a4 $11 {1/2-1/2 Ostenstad,B-Johannessen,L/NOR-ch 1996/
EXT 96ch2 (73)}) 14... a4 15. Qc2 h6 16. Bh4 Rab8 17. Nb1 $1 Bc6 18. Rd2 {
White has found a nice way to regroup his forces.} Rb7 19. Bg3 (19. Nc3 Rfb8
20. Nb5 d5 $132) 19... Ne5 $5 (19... e5 20. Nc3 Rfb8 21. Nb5 Bxb5 (21... d5 22.
Nd6 Rc7 23. cxd5 Bxd5 24. Nc4 $16) 22. cxb5 d5 23. Rfd1 e4 (23... c4 24. Bf5
$16) 24. Be2 Ra8 25. Rxd5 Nxd5 26. Rxd5 $13) 20. Bxe5 dxe5 21. Nc3 Rd8 (21...
Rfb8 22. Nb5 Bxb5 23. cxb5 $16) 22. Rfd1 Rbd7 23. Be2 Rxd2 24. Rxd2 Rxd2 25.
Qxd2 Qb3 $1 $11 26. f3 Ne8 $1 {/\Kf8-e7,Nd6} 27. Nd1 Qb6 28. Kf2 Kf8 29. Qc3
Qc7 30. Ke1 f6 31. Qd2 (31. Qc2 e4 $11) 31... Nd6 32. Nc3 e4 33. f4 Ke7 34. Kf2
Qb6 35. Qc2 Qa5 36. Nb1 g5 37. g3 Qa8 38. Qc3 Be8 39. Nd2 Bc6 40. Bd1 Qa6 41.
Be2 1/2-1/2

[Event "Politiken zt"]
[Site "Munkebo"]
[Date "1998.09.12"]
[Round "1.4"]
[White "Schandorff, Lars"]
[Black "Wedberg, Tom Birger"]
[Result "1/2-1/2"]
[WhiteElo "2535"]
[BlackElo "2475"]
[Annotator "Wedberg,T"]
[PlyCount "135"]
[EventDate "1998.09.10"]
[EventType "k.o."]
[EventRounds "5"]
[EventCountry "DEN"]
[SourceTitle "CBM 067"]
[Source "ChessBase"]
[SourceDate "1998.11.30"]
[SourceVersion "2"]
[SourceVersionDate "1998.11.01"]
[SourceQuality "1"]

{This game was a tiebreak game with time limit 25 minutes per player plus 10
seconds increment per move.} 1. d4 Nf6 2. c4 e6 3. Nc3 Bb4 4. Qc2 b6 5. a3
Bxc3+ 6. Qxc3 O-O 7. Bg5 Bb7 8. f3 d6 9. e3 Nbd7 10. Bd3 h6 11. Bh4 c5 12. Ne2
Rc8 13. b4 d5 14. dxc5 bxc5 15. b5 {White plays in a truly positional way, but
I believe this is too time consuming.} Ne4 $1 {There are several interesting
alternatives, but it's my impression that this is best.} 16. Bxd8 Nxc3 17. Be7
(17. Ba5 Ne5 $1 18. Bxc3 (18. Kd2 $143 Na4 $1 {[%csl Rc4][%cal Ga4b6]} 19. Rhb1
Nb6 20. Bxb6 axb6 21. Nc1 Rfd8 $17 {Skomorokhin,R-Almasi,Z/HUN-chT1 1995/0-1 
(73)}) 18... Nxd3+ 19. Kd2 dxc4 20. Ba5 f5 21. Kc3 $15 {1/2-1/2 Akesson,
R-Wedberg,T/26th Rilton Cup, Stockholm SWE 1998 (32)}) 17... Rfe8 18. Bd6 Na4 (
18... dxc4 19. Bxc4 (19. Bh7+ $5) 19... Nb6 20. Bd3 Nca4 21. Be5 (21. O-O-O $5)
21... c4 22. Bc2 Rc5 23. Bd4 Rxb5 $17 {Wang Lei-Peptan,C/Erevan olw 1996/0-1 
(57)}) 19. O-O-O {This was obviously preparation, since my opponent was still
blitzing out his moves.} Nab6 $6 (19... Ndb6 $1 {See the game
Schandorff-Wedberg, same tournament, same day.}) 20. Nc3 $1 dxc4 21. Bc2 Nd5 {
This far I was blitzing too. Not because I had prepared this line, but just
too keep up with the pace of my opponent.} 22. Nxd5 $1 {Time to think - and
realise that Blacks position is not that impressive.} Bxd5 (22... exd5 23. Bf5
Rcd8 24. Bxd7 Rxd7 25. Bxc5 $14) 23. e4 Bb7 24. Bg3 $16 {Blacks problem is the
passive B on b7.} Nf8 25. Rd6 Red8 26. Rhd1 Rxd6 27. Rxd6 f6 28. Bb1 Kf7 29.
Ba2 Ke7 30. Bxc4 e5 31. Rd2 Ne6 32. Kb2 Nd4 33. Kc3 g5 34. a4 Rb8 35. h4 (35.
a5 $6 Bc8 36. Rb2 Kd6 $13 {><b5}) 35... Kd6 36. Rd1 Rh8 37. Rh1 (37. a5 $5)
37... h5 38. hxg5 fxg5 39. Bf2 h4 40. Be3 g4 41. fxg4 Bxe4 42. Bg5 Bxg2 43.
Rxh4 Rxh4 44. Bxh4 Bf3 45. g5 Bh5 46. Bf2 Bg6 47. Be3 Nf5 48. Bc1 Nd4 49. Bd2
Nf3 50. Be3 Nd4 51. Bg8 $2 (51. Bd3 $1 {I was quite relieved everytime my
opponent missed this move. The point is to get the g-P moving. If Black plays
e4 the N on d4 is no longer a tower of power.} e4 (51... Nf5 52. Bf2 Kd5 53. a5
e4 54. Bc4+ Kd6 55. Bg1 $18) 52. Bc4 Nf3 53. a5 $18) 51... Nf5 52. Bf2 Ne7 53.
Bc4 Nd5+ 54. Kb3 Nb6 55. Bg8 Nd5 56. a5 Bd3 57. b6 $2 $11 (57. Bf7 $142 $1)
57... axb6 58. Bxd5 Kxd5 59. axb6 c4+ 60. Kc3 Kc6 61. Kb4 Kb7 62. Kc3 Kc6 63.
Bg1 Kb7 64. Bc5 Kc6 65. Be3 Kb7 66. Bg1 Kc6 67. Kb2 Kb7 68. Kc3 1/2-1/2